JR+大手鉄道会社本社の最寄り駅 - Statistics

General Stats
  • This quiz has been taken 348 times
  • The average score is 17 of 25
Answer Stats
ヒント 答え % Correct
JR貨物 新宿
97%
小田急 新宿
97%
JR東日本 新宿
97%
名鉄 名古屋
96%
JR東海 名古屋
96%
JR西日本 大阪
96%
JR九州 博多
93%
JR四国 高松
91%
相鉄 横浜
84%
京急 横浜
84%
東急 渋谷
79%
西武 所沢
76%
阪急 大阪梅田
75%
JR東海 品川
66%
東京メトロ 上野
66%
近鉄 大阪上本町
63%
東武 押上
63%
JR北海道 桑園
58%
京王 聖蹟桜ヶ丘
46%
小田急 海老名
45%
京阪 天満橋
43%
西鉄 薬院
37%
阪神 野田
36%
京成 京成八幡
36%
南海 今宮戎
29%
No matching quizzes found
Score Distribution
Percent of People with Each Score
Percentile by Number Answered
Your Score History
You have not taken this quiz